000 00701nam a2200253Ia 4500
003 OSt
005 20220912150605.0
006 a|||||r|||| 00| 0
007 ta
008 220909b |||||||| |||| 00| 0 eng d
024 _a48553
037 _cTextual
040 _aCSL
_beng
_cCSL
041 _aeng
082 _aD65,8(B):(2:55):(z1,5), M3
100 _aNorman Adrian R D
245 0 _aComputer insecurity
260 _aNew York
_b Chapman and Hall
_c1983
300 _axiv, 351p.
_ccm.
500 _aAppendix A-C, 331-347p.
_ccm.
650 _aComputer science
942 _hD65,8(B):(2:55):(z1,5), M3
_cTEXL
_2CC
999 _c50640
_d50640